Pääkaupungit A-Ö, joissa on kirjaimet A-Ö - Statistics

Yleistilastot
  • Tätä visaa on pelattu 83 kertaa
  • Keskiarvotulos 226 / 363
Vastaustilastot
alkukirjain sisältää mahdollisuuksia esimerkki vastaus % Oikein
A A 16 Abu Dhabi
100%
A R 7 Alger
100%
A D 4 Andorra la Vella
96%
A E 5 Addis Abeba
96%
A N 7 Andorra la Vella
96%
A T 5 Ateena
96%
B A 18 Buenos Aires
96%
B B 25 Buenos Aires
96%
B E 15 Buenos Aires
96%
B S 10 Buenos Aires
96%
B U 8 Buenos Aires
96%
L L 11 Luanda
96%
L N 5 Luanda
96%
L O 4 Lontoo
96%
M A 14 Manama
96%
M K 3 Moskova
96%
M M 18 Manama
96%
M S 5 Minsk
96%
O O 3 Ouagadougou
96%
P I 13 Praia
96%
P P 18 Pretoria
96%
R A 6 Roseau
96%
R R 6 Rooma
96%
S A 15 Saint John's
96%
S S 18 Santiago
96%
T K 3 Tokio
96%
T O 3 Tokio
96%
T T 12 Taipei
96%
W I 4 Wien
96%
W N 4 Wien
96%
W W 4 Wien
96%
A S 6 Ašgabat
93%
B K 5 Baku
93%
B R 13 Buenos Aires
93%
B T 8 Bridgetown
93%
H E 2 Helsinki
93%
H H 5 Havanna
93%
H I 3 Helsinki
93%
H N 4 Havanna
93%
K A 12 Kabul
93%
K K 14 Kapkaupunki
93%
K M 5 Kuala Lumpur
93%
L A 6 Luanda
93%
L I 4 Libreville
93%
M I 8 Minsk
93%
M O 9 Moroni
93%
O L 1 Oslo
93%
O S 1 Oslo
93%
P A 13 Praia
93%
P R 14 Porto-Novo
93%
R I 3 Reykjavík
93%
R K 2 Riika
93%
S O 15 Singapore
93%
T A 7 Taipei
93%
T I 9 Tirana
93%
T L 5 Tallinna
93%
T U 4 Tukholma
93%
V A 7 Varsova
93%
V I 4 Vientiane
93%
V N 3 Vientiane
93%
V V 7 Vaduz
93%
A M 3 Asmara
89%
B D 5 Bridgetown
89%
B I 12 Buenos Aires
89%
B L 9 Bryssel
89%
B N 10 Buenos Aires
89%
C A 6 Canberra
89%
C C 7 Canberra
89%
C R 4 Canberra
89%
D D 9 Dhaka
89%
H K 1 Helsinki
89%
H L 1 Helsinki
89%
H S 1 Helsinki
89%
K H 4 Kinshasa
89%
K I 9 Kinshasa
89%
K N 6 Kinshasa
89%
L B 4 Libreville
89%
M D 3 Madrid
89%
M R 5 Moroni
89%
M V 3 Monrovia
89%
P S 5 Pariisi
89%
S I 8 San Marino
89%
T H 4 Thimphu
89%
T M 2 Tukholma
89%
T N 5 Tirana
89%
V L 2 Vilna
89%
C N 4 Canberra
86%
K O 4 Kingston
86%
K P 4 Kööpenhamina
86%
M N 9 Manama
86%
O A 2 Ouagadougou
86%
S E 8 Singapore
86%
W D 2 Windhoek
86%
W G 2 Wellington
86%
W H 2 Windhoek
86%
W O 3 Windhoek
86%
W T 2 Wellington
86%
D B 3 Djibouti
82%
D I 3 Djibouti
82%
D U 3 Djibouti
82%
J A 4 Jakarta
82%
J J 4 Jakarta
82%
M C 2 Mexico City
82%
N I 5 Naypyidaw
82%
N N 10 Nassau
82%
O T 1 Ottawa
82%
O W 1 Ottawa
82%
P H 2 Praha
82%
S N 10 Sana'a
82%
S R 8 Sucre
82%
W A 1 Washington D.C.
82%
W C 1 Washington D.C.
82%
W E 3 Wien
82%
W S 1 Washington D.C.
82%
B G 7 Bridgetown
79%
B O 7 Buenos Aires
79%
B P 2 Belmopan
79%
C E 3 Canberra
79%
D L 2 Dili
79%
D N 2 Dublin
79%
H A 4 Havanna
79%
J R 3 Jakarta
79%
L M 3 Luxembourg
79%
L U 4 Luanda
79%
M T 4 Mexico City
79%
N A 8 Nassau
79%
R E 2 Roseau
79%
T R 3 Tripoli
79%
V O 2 Varsova
79%
V R 2 Victoria
79%
V T 4 Vatikaani
79%
C B 1 Canberra
75%
J U 2 Jerusalem
75%
K E 1 Kööpenhamina
75%
K U 6 Kabul
75%
L T 1 Lontoo
75%
M E 5 Maseru
75%
N O 4 Nikosia
75%
P G 3 Peking
75%
P N 8 Peking
75%
R J 1 Reykjavík
75%
R M 1 Rooma
75%
R O 2 Roseau
75%
R V 1 Reykjavík
75%
R Y 1 Reykjavík
75%
S J 5 Sarajevo
75%
V E 2 Valletta
75%
A L 2 Alger
71%
D A 6 Dhaka
71%
D O 4 Djibouti
71%
K V 1 Kiova
71%
L E 4 Libreville
71%
L G 2 Luxembourg
71%
L S 2 Lissabon
71%
N R 2 Nairobi
71%
P E 5 Phnom Penh
71%
S U 5 Sucre
71%
U A 1 Ulan Bator
71%
U B 1 Ulan Bator
71%
U L 1 Ulan Bator
71%
U N 1 Ulan Bator
71%
U O 1 Ulan Bator
71%
U R 1 Ulan Bator
71%
U T 1 Ulan Bator
71%
U U 1 Ulan Bator
71%
V S 1 Varsova
71%
B V 2 Bratislava
68%
B Y 1 Bryssel
68%
J E 2 Jerevan
68%
J K 1 Jakarta
68%
J T 1 Jakarta
68%
K T 5 Kingston
68%
L R 2 Libreville
68%
L X 1 Luxemburg
68%
M X 1 Mexico City
68%
M Y 1 Mexico City
68%
N E 4 N'Djamena
68%
P T 9 Pretoria
68%
S L 2 San Salvador
68%
A B 4 Abuja
64%
A I 5 Apia
64%
A K 1 Ankara
64%
D K 3 Dhaka
64%
D S 2 Damaskos
64%
H V 1 Havanna
64%
J L 1 Jerusalem
64%
J M 1 Jerusalem
64%
J S 1 Jerusalem
64%
K L 4 Kabul
64%
K R 3 Kuala Lumpur
64%
N B 1 Nairobi
64%
N D 4 Naypyidaw
64%
P K 2 Palikir
64%
S G 4 Santiago
64%
S V 3 Sarajevo
64%
T E 4 Teheran
64%
A O 3 Antananarivo
61%
D H 3 Dhaka
61%
M L 2 Manila
61%
N H 2 New Delhi
61%
N L 3 New Delhi
61%
N W 2 Naypyidaw
61%
P O 11 Porto-Novo
61%
T S 3 Tbilisi
61%
W L 1 Wellington
61%
A V 2 Andorra la Vella
57%
C S 3 Caracas
57%
D M 2 Damaskos
57%
H O 2 Honiara
57%
J B 1 Juba
57%
P C 3 Port-au-Prince
57%
S F 1 Sofia
57%
S P 3 Skopje
57%
V D 1 Vaduz
57%
V U 1 Vaduz
57%
V Z 1 Vaduz
57%
A G 2 Alger
54%
C H 1 Chișinău
54%
C I 3 Castries
54%
C U 3 Cotonou
54%
K S 3 Kinshasa
54%
K W 2 Kuwait City
54%
Z A 1 Zagreb
54%
Z B 1 Zagreb
54%
Z E 1 Zagreb
54%
Z G 1 Zagreb
54%
Z R 1 Zagreb
54%
Z Z 1 Zagreb
54%
A U 3 Abuja
50%
G E 4 Gaborone
50%
G G 4 Gaborone
50%
G T 3 Gitega
50%
I A 1 Islamabad
50%
I B 1 Islamabad
50%
I D 1 Islamabad
50%
I I 1 Islamabad
50%
I L 1 Islamabad
50%
I M 1 Islamabad
50%
I S 1 Islamabad
50%
K D 1 Kathmandu
50%
L J 1 Ljubljana
50%
M G 2 Managua
50%
M U 5 Maseru
50%
P M 4 Phnom Penh
50%
R D 1 Riad
50%
S D 3 Santo Domingo
50%
S M 3 São Tomé
50%
T P 4 Thimphu
50%
A C 2 Accra
46%
A H 2 Abu Dhabi
46%
F F 2 Freetown
46%
F N 2 Freetown
46%
F T 2 Freetown
46%
N K 3 Nouakchott
46%
N S 2 Nassau
46%
P U 2 Port Louis
46%
S K 2 Skopje
46%
D J 1 Djibouti
43%
D T 1 Djibouti
43%
F E 1 Freetown
43%
F O 1 Freetown
43%
F R 1 Freetown
43%
F W 1 Freetown
43%
G A 3 Gaborone
43%
G I 2 Gitega
43%
K B 1 Kabul
43%
K C 1 Kuwait City
43%
K Y 1 Kuwait City
43%
M H 1 Mogadishu
43%
Q I 1 Quito
43%
Q O 1 Quito
43%
Q Q 1 Quito
43%
Q T 1 Quito
43%
Q U 1 Quito
43%
R B 1 Rabat
43%
R T 1 Rabat
43%
T B 1 Tbilisi
43%
V K 1 Vatikaani
43%
G N 2 Gaborone
39%
G O 2 Gaborone
39%
G R 2 Gaborone
39%
L D 1 Luanda
39%
N M 3 N'Djamena
39%
P J 1 Pjongjang
39%
P Y 2 Port Moresby
39%
S T 7 South Tarawa
39%
B M 3 Belmopan
36%
B Z 1 Brazzaville
36%
D E 1 Dušanbe
36%
G C 1 Guatemala City
36%
G L 1 Guatemala City
36%
G M 1 Guatemala City
36%
G U 1 Guatemala City
36%
G Y 1 Guatemala City
36%
J N 1 Jerevan
36%
J V 1 Jerevan TOISTAISEKSI TÄHÄN ASTI
36%
K G 3 Kingston
36%
L P 1 La Paz
36%
L Z 1 La Paz
36%
N U 4 Nassau
36%
N Y 2 Naypyidaw
36%
P B 2 Port Moresby
36%
P F 1 Port-of-Spain
36%
A J 1 Abuja
32%
O D 1 Ouagadougou
32%
O G 1 Ouagadougou
32%
O U 1 Ouagadougou
32%
D R 1 Dakar
29%
F A 1 Funafuti
29%
F I 1 Funafuti
29%
F U 1 Funafuti
29%
L K 1 Lusaka
29%
P L 3 Port Louis
29%
W K 1 Windhoek
29%
Y A 3 Yaren
29%
Y E 2 Yaren
29%
Y N 2 Yaoundé
29%
Y O 2 Yaoundé
29%
Y R 2 Yamoussoukro
29%
Y U 2 Yaoundé
29%
Y Y 3 Yaren
29%
A P 1 Apia
25%
G W 1 Georgetown
25%
H R 2 Honiara
25%
L V 1 Libreville
25%
N J 1 N'Djamena
25%
P D 1 Podgorica
25%
S C 1 Sucre
25%
V C 1 Victoria
25%
B H 1 Biškek (Bishkek)
21%
B J 1 Banjul
21%
B W 2 Bridgetown
21%
G B 1 Gaborone
21%
M P 1 Maputo
21%
N F 1 Nukuʻalofa
21%
P V 2 Port Vila
21%
S W 2 South Tarawa
21%
T C 1 Tegucigalpa
21%
T G 1 Tegucigalpa
21%
Y D 1 Yaoundé
21%
Y K 1 Yamoussoukro
21%
Y M 1 Yamoussoukro
21%
Y S 1 Yamoussoukro
21%
C K 1 Conakry
18%
C O 2 Cotonou
18%
C Y 1 Conakry
18%
L W 1 Lilongwe
18%
M B 1 Mbabane
18%
M J 1 Majuro
18%
N C 1 Nouakchott
18%
N T 1 Nouakchott
18%
S H 2 Saint John's
18%
S Y 1 Sri Jayawardenepura Kotte
18%
C T 2 Cotonou
14%
N G 1 Ngerulmud
14%
N P 1 Naypyidaw
14%
R S 1 Roseau
14%
R U 1 Roseau
14%
B F 1 Bloemfontein
11%
C D 1 Ciudad de la Paz
4%
C L 1 Ciudad de la Paz
4%
C P 1 Ciudad de la Paz
4%
C Z 1 Ciudad de la Paz
4%
Ehtoja vastaavia visoja ei löytynyt
Tulosjakauma
Jokaisen tuloksen saaneiden osuus
Persentiili vastausten määrän mukaan
Tuloshistoriasi
Et ole pelannut tätä visaa